书目信息 |
| 题名: |
美国大城市的死与生
|
|
| 作者: | 雅各布斯 著 ;金衡山 译 | |
| 分册: | ||
| 出版信息: | 南京 译林出版社 2006.08 |
|
| 页数: | 424页 | |
| 开本: | 23cm | |
| 丛书名: | ||
| 单 册: | ||
| 中图分类: | TU984.712 | |
| 科图分类: | ||
| 主题词: | 大城市--da cheng shi--城市规划--研究--美国 | |
| 电子资源: | ||
| ISBN: | 7-5447-0121-2 | |
| 000 | 01052nam0 2200265 450 | |
| 001 | 012007021984 | |
| 005 | 20070619152520.71 | |
| 010 | @a7-5447-0121-2@dCNY34.50 | |
| 100 | @a20070508d2006 km y0chiy0120 ea | |
| 101 | 1 | @achi@ceng |
| 102 | @aCN@b320000 | |
| 105 | @aa z 001yy | |
| 200 | 1 | @a美国大城市的死与生@Amei guo da cheng shi de si yu sheng@d= The death and life of great american cities@e纪念版@f(加) 简·雅各布斯 (Jane Jacobs) 著@F(jia)jian·ya ge bu si(Jane Jacobs)zhu@g金衡山译@Gjin heng shan yi@zeng |
| 205 | @a第2版 | |
| 210 | @a南京@c译林出版社@d2006.08 | |
| 215 | @a424页@c图@d23cm | |
| 320 | @a有索引 | |
| 330 | @a本书作者以纽约、芝加哥等美国大城市为例,深入考察了都市结构的基本元素以及它们在城市生活中发挥功能的方式。 | |
| 500 | 10 | @aDeath and life of great american cities@mChinese |
| 606 | 0 | @a大城市@Ada cheng shi@x城市规划@x研究@y美国 |
| 690 | @aTU984.712@v4 | |
| 701 | 1 | @a雅各布斯@Aya ge bu si@g(Jacobs, Jane)@4著 |
| 702 | 0 | @a金衡山@Ajin heng shan@4译 |
| 801 | 0 | @aCN@c20070619 |
| 905 | @a10447@dTU984.712@eY08 | |
| 美国大城市的死与生= The death and life of great american cities:纪念版/(加) 简·雅各布斯 (Jane Jacobs) 著/金衡山译.-第2版.-南京:译林出版社,2006.08 |
| 424页:图;23cm |
| ISBN 7-5447-0121-2:CNY34.50 |
| 本书作者以纽约、芝加哥等美国大城市为例,深入考察了都市结构的基本元素以及它们在城市生活中发挥功能的方式。 |
| ● |
| 相关链接 |
|
|
|
正题名:美国大城市的死与生
索取号:TU984.712/Y08
 
预约/预借
| 序号 | 登录号 | 条形码 | 馆藏地/架位号 | 状态 | 备注 |
| 1 | 242778 | 202427784 | 建筑库201/201建筑库 66排3列5层/ [索取号:TU984.712/Y08] | 在馆 | |
| 2 | 242779 | 202427793 | 建筑库201/201建筑库 66排3列5层/ [索取号:TU984.712/Y08] | 在馆 | |
| 3 | 242780 | 202427800 | 建筑库201/201建筑库 66排3列5层/ [索取号:TU984.712/Y08] | 在馆 |